000 00240nam a2200097Ia 4500
005 20251222114349.0
008 251222s1900||||xx |||||||||||||| ||spa||
082 _aDVD0080/S75/1987
245 0 _aEl imperio de sol:Empire of The Sun
942 _cDVD
999 _c1157
_d1157